Diseno y síntesis en VLSI de una unidad de calculo de próxima dirección para la CPUCR
Guardado en:
| Autor principal: | |
|---|---|
| Formato: | Libro |
| Publicado: |
San José, Costa Rica
2001
|
| Materias: | |
| Etiquetas: |
Agregar Etiqueta
Sin Etiquetas, Sea el primero en etiquetar este registro!
|
MARC
| LEADER | 00000nam a2200000Ia 4500 | ||
|---|---|---|---|
| 003 | 008874 | ||
| 005 | 20231120101956.0 | ||
| 008 | 140114s2001 cr a m 000 ||s d | ||
| 040 | |c cru CEDI | ||
| 090 | |a TFG 4435 | ||
| 100 | |a Aguilar Bogantes, Carlos Eduardo, 1975- |9 1794 | ||
| 245 | |a Diseno y síntesis en VLSI de una unidad de calculo de próxima dirección para la CPUCR | ||
| 260 | |a San José, Costa Rica |c 2001 | ||
| 300 | |a xv, 151 hojas : ilustraciones (algunas a color) | ||
| 500 | |a Proyecto de graduación (bachillerato en ingeniería eléctrica)--Universidad de Costa Rica. Facultad de Ingeniería. Escuela de Ingeniería Eléctrica | ||
| 650 | |x DISEÑO DE CIRCUITOS ELECTRONICOS |x CIRCUITOS INTEGRADOS |x DISEÑO Y CONSTRUCCION |x CPUCR (MICROPROCESADOR) |x DISEÑO |x CIRCUITOS VLSI |9 7525 | ||
| 942 | |c TFG |h TFG 4435 |i 008874 |6 TFG_4435_008874000000000 | ||
| 999 | |c 18006 |d 18006 | ||
